Строительная механика. Тема 24: Расчет рам по способу моментных фокусов (Запись № 13579606)

Подробности
000 -МАРКЕР
контрольное поле 01276nam2a2200253 4500
001 - ИДЕНТИФИКАТОР ЗАПИСИ
контрольное поле rc\2864848
005 - ИДЕНТИФИКАТОР ВЕРСИИ
контрольное поле 20260315050957.0
035 ## - ДРУГИЕ СИСТЕМНЫЕ НОМЕРА
Идентификатор записи (NLR Aleph) 007018704
100 ## - ДАННЫЕ ОБЩЕЙ ОБРАБОТКИ
Данные общей обработки 20110712d1932 u y0rusy50 ca
101 0# - ЯЗЫК РЕСУРСА
Язык текста, звукозаписи и т.д. русский
102 ## - СТРАНА ПУБЛИКАЦИИ ИЛИ ПРОИЗВОДСТВА
Страна публикации Российская Федерация
105 ## - ПОЛЕ КОДИРОВАННЫХ ДАННЫХ: ТЕКСТОВЫЕ МАТЕРИАЛЫ, МОНОГРАФИЧЕСКИЕ
Кодированные данные о монографическом текстовом документе a z |||||
200 1# - ЗАГЛАВИЕ И СВЕДЕНИЯ ОБ ОТВЕТСТВЕННОСТИ
Основное заглавие Расчет рам по способу моментных фокусов
Первые сведения об ответственности Инж. И.В. Урбан
210 ## - ПУБЛИКАЦИЯ, РАСПРОСТРАНЕНИЕ И ДР.
Дата издания, распространения и т.д. [1932]
215 ## - ФИЗИЧЕСКАЯ ХАРАКТЕРИСТИКА
Специфическое обозначение материала и объем 64 с.
Другие сведения о физической характеристике черт.
320 ## - ПРИМЕЧАНИЯ О НАЛИЧИИ В ДОКУМЕНТЕ БИБЛИОГРАФИИ / УКАЗАТЕЛЯ
Текст примечания Библиогр.: "Литература ..." в конце отд. глав
461 #0 - УРОВЕНЬ НАБОРА
Встроенное поле 001rc\2864847
-- 2001#$aСтроительная механика$eРабочая книга$fПод ред. проф. Н.И. Безухова$gЦудортранс. АДЦИЗО ... Концентр. Втуз$vТема 24
Системный номер (АБИС) связанной записи 5887512
Автор Центральный институт заочного обучения на автодорожном транспорте (Москва)
Место публикации [Москва]
Дата публикации [1932]
Первые сведения об ответственности Под ред. проф. Н.И. Безухова
Имя издателя, распространителя и т.д. Б. и.
Сведения, относящиеся к заглавию Рабочая книга
Заглавие Строительная механика
Номер тома Тема 24
702 #1 - ИМЯ ЛИЦА - ВТОРИЧНАЯ ОТВЕТСТВЕННОСТЬ
Начальный элемент ввода Урбан
Часть имени, кроме начального элемента ввода И.В.
Код отношения Прочие
801 #0 - ИСТОЧНИК ЗАПИСИ
Страна Российская Федерация
Организация NLR
Правила каталогизации psbo
801 #1 - ИСТОЧНИК ЗАПИСИ
Страна Российская Федерация
Организация ELAR
Источник данных rusmarc
852 ## - МЕСТОНАХОЖДЕНИЕ И ШИФР ХРАНЕНИЯ
Идентификатор организации NLR
Шифр хранения (Call Number) 33-17/10(24)
942 ## - ДОПОЛНИТЕЛЬНЫЕ ЭЛЕМЕНТЫ ЗАПИСИ (АБИС)
Тип экземпляра АБИС Неопределено
980 ## - КОЛЛЕКЦИЯ
Название коллекции Национальная библиография

Нет доступных экземпляров.